000 00777nam a22001817a 4500
999 _c15106
_d15106
003 OSt
082 _2631.587 MAK/MO
088 _aT 357
100 _aMAKKENA JYOTHI
_93600
245 _aModelling the hydrology of watershed by using HEC-HMS
260 _aTavanur 2016
_bDEPARTMENT OF IRRIGATION AND DRAINAGE ENGINEERING
300 _a121
500 _aModelling the hydrology of watershed by using HEC-HMS
520 _aHEC-HMS uses separate mathematical models to represent each component of the runoff process, like models to compute runoff volume, models to compute direct runoff and base flow.thuthapuzha subbasin of bharathapuzha
700 _aEr. Vishnu B (Guide)
_93355
856 _uhttps://drive.google.com/open?id=1sWtiyaNAQDRoj7gS_kDHNdtzBLwDi4f2
942 _cTH